| Tag |
First Indicator |
Second Indicator |
Subfields |
| LEADER |
00000cam a2200000 a 4500 |
| 001 |
in00001006621 |
| 005 |
20160226115713.0 |
| 008 |
910204s1991 nyua b 00010 eng |
| 010 |
|
|
|a 91008451
|
| 020 |
|
|
|a 0815301650 (alk. paper)
|
| 035 |
|
|
|a (OCoLC)23179763
|
| 035 |
|
|
|9 AFE5012AM
|
| 040 |
|
|
|a DLC
|c DLC
|d TXA
|d UtOrBLW
|
| 049 |
|
|
|a TXAM
|
| 050 |
0 |
0 |
|a P217
|b .C655 1991
|
| 082 |
0 |
0 |
|a 414
|2 20
|
| 100 |
1 |
|
|a Cole, Jennifer,
|d 1961-
|
| 245 |
1 |
0 |
|a Planar phonology and morphology /
|c Jennifer Cole.
|
| 264 |
|
1 |
|a New York :
|b Garland Pub.,
|c 1991.
|
| 300 |
|
|
|a ix, 209 pages :
|b illustrations ;
|c 24 cm.
|
| 336 |
|
|
|a text
|b txt
|2 rdacontent
|
| 337 |
|
|
|a unmediated
|b n
|2 rdamedia
|
| 338 |
|
|
|a volume
|b nc
|2 rdacarrier
|
| 490 |
1 |
|
|a Outstanding dissertations in linguistics
|
| 500 |
|
|
|a Revision of the author's dissertation (Ph. D.)--Massachusetts Institute of Technology, 1987.
|
| 504 |
|
|
|a Includes bibliographical references (pages 200-209).
|
| 650 |
|
0 |
|a Grammar, Comparative and general
|x Phonology.
|
| 650 |
|
0 |
|a Grammar, Comparative and general
|x Morphology.
|
| 650 |
|
0 |
|a Autosegmental theory (Linguistics)
|
| 830 |
|
0 |
|a Outstanding dissertations in linguistics.
|
| 999 |
|
|
|a MARS
|
| 999 |
f |
f |
|s 1a7e8292-53e5-3953-965a-d9a8b53b1bab
|i 9ba1f0f9-0a6e-3152-98f7-69fdbf928ea2
|t 0
|
| 952 |
f |
f |
|p ric
|a Texas A&M University
|b Rellis Campus
|c Joint Library Facility
|d Remote Storage
|t 0
|e P217 .C655 1991
|h Library of Congress classification
|i unmediated -- volume
|m A14814981419
|
| 998 |
f |
f |
|a P217 .C655 1991
|t 0
|l Remote Storage
|